Мир на Земле; Фиаско: [романы]; пер. с пол.

Bibliografiske detaljer
Hovedforfatter: Лем С. Станислав
Andre forfattere: Бэлза С. И. (автор послесловия), Терещенко В. И. (иллюстратор)
Sprog:russisk
Udgivet: Москва, Прогресс, 1991
Serier:Политический роман
Fag:
Format: Bog
KOHA link:https://koha.lib.tpu.ru/cgi-bin/koha/opac-detail.pl?biblionumber=158725

MARC

LEADER 00000nam0a2200000 4500
001 158725
005 20231101222046.0
010 |a 5010025175 
020 |a RU  |b 92-18509 
035 |a (RuTPU)RU\TPU\book\172142 
090 |a 158725 
100 |a 20090428d1991 m y0rusy5003 ca 
101 1 |a rus  |c pol 
102 |a RU 
105 |a a z 000ay 
200 1 |a Мир на Земле; Фиаско  |e [романы]   |e пер. с пол.  |f С. Лем  |g авт. послесл. С. И. Бэлза ; худож. В. И. Терещенко 
210 |a Москва  |c Прогресс  |d 1991 
215 |a 525,[2] с.  |c ил.  |d 21 см 
225 1 |a Политический роман 
610 1 |a Научно-фантастические романы 
610 1 |a польская литература 
675 |a 884  |z rus 
700 1 |a Лем  |b С.  |c польский писатель  |c фантаст  |f 1921-2006  |g Станислав  |2 stltpush  |3 (RuTPU)RU\TPU\pers\37035  |9 20050 
702 1 |a Бэлза  |b С. И.  |4 075 
702 1 |a Терещенко  |b В. И.  |4 440 
801 0 |a RU  |b RuMRKP  |c 19950417  |g psbo 
801 1 |a RU  |b 63413507  |c 20090428  |g PSBO 
801 2 |a RU  |b 63413507  |c 20160808  |g PSBO 
942 |c BK